000 00280nam a2200097Ia 4500
008 220204s9999 xx 000 0 und d
082 _a631
_bICA
245 0 _aSamthulith powth poshan evam mrutha swasthya: Krushak prasikshan digdarshika
260 _aBhopal
_bICAR
_c2010
942 _cBK
999 _c44406
_d44406